• 首页
  • 本馆介绍
  • 公告通知
  • 最新文献
  • 馆藏检索
  • 电子资源
  • 读者导购
  • 参考咨询
  • 我的图书馆
  • 登录
  • 详细信息显示
  • 放入我的书架
  • 预约/预借图书
  • 作者相关作品
  • 分类相关作品
  • 丛书相关作品
  • 出版社相关作品

书目信息

  • 表格格式
  • 工作单格式
  • 卡片格式
题名:
国际传媒集团经营发展与战略转型
    
 
作者: 韩晓宁 著
分册:  
出版信息: 广州   世界图书出版广东有限公司  2018
页数: 242页
开本: 24cm
丛书名:
单 册:
中图分类: G219.1
科图分类:
主题词: 传播媒介--Chuan Bo Mei Jie--企业集团--企业经营管理--研究--世界 , 传播媒介--Chuan Bo Mei Jie--企业集团--企业发展战略--研究--世界
电子资源:
ISBN: 978-7-5192-4332-6
000 01566nam0 2200253 450
001 012001003889
005 20140114160501.0
010    @a978-7-5192-4332-6@dCNY58.00
099    @aCAL 012018072680
100    @a20180619d2018 em y0chiy50 ea
101 0  @achi
102    @aCN@b440000
105    @aak z 000yy
106    @ar
200 1  @a国际传媒集团经营发展与战略转型@AGuo Ji Chuan Mei Ji Tuan Jing Ying Fa Zhan Yu Zhan Lue Zhuan Xing@f韩晓宁著
210    @a广州@c世界图书出版广东有限公司@d2018
215    @a242页@d24cm
330    @a伴随着互联网和新兴传播技术的发展, 曾经在全球传媒产业占据统治地位的国际传媒集团遭遇了巨大的挑战, 面临着经营发展的困境和生存危机; 它们纷纷调整企业战略, 进行数字化转型、融媒体发展, 发挥优质内容优势、搭建多元数字分发渠道、树立多元盈利增长点。这些传媒巨头的发展实例可以为中国的传媒企业转型发展提供重要借鉴。对2007-2017年国际传媒集团的经营发展和战略转型问题进行了全面梳理和研究。主要涉及新闻集团、时代华纳、华特迪士尼、英国广播公司、维纳康姆、哥伦比亚广播公司等全球知名的国际传媒集团。本书基于来自国际传媒集团的一手素材, 既有对不同时期的各传媒集团具体问题进行的专题研究, 也有对不同时期各传媒集团共性问题的综合研究和对比研究, 剖析了国际传媒集团的企业战略调整、业务结构调整、经营绩效变化、战略转型举措等一系列问题, 财务数据丰富, 经营案例翔实。
606 0  @a传播媒介@AChuan Bo Mei Jie@x企业集团@x企业经营管理@x研究@y世界
606 0  @a传播媒介@AChuan Bo Mei Jie@x企业集团@x企业发展战略@x研究@y世界
690    @aG219.1@v5
701  0 @a韩晓宁@AHan Xiao Ning@4著
801    @b江苏凤凰@c20191020
905    @b1237308-13@dG219.1@e864@f6
    
    国际传媒集团经营发展与战略转型/韩晓宁著.-广州:世界图书出版广东有限公司,2018
    242页;24cm
    
    
    ISBN 978-7-5192-4332-6:CNY58.00
    伴随着互联网和新兴传播技术的发展, 曾经在全球传媒产业占据统治地位的国际传媒集团遭遇了巨大的挑战, 面临着经营发展的困境和生存危机; 它们纷纷调整企业战略, 进行数字化转型、融媒体发展, 发挥优质内容优势、搭建多元数字分发渠道、树立多元盈利增长点。这些传媒巨头的发展实例可以为中国的传媒企业转型发展提供重要借鉴。对2007-2017年国际传媒集团的经营发展和战略转型问题进行了全面梳理和研究。主要涉及新闻集团、时代华纳、华特迪士尼、英国广播公司、维纳康姆、哥伦比亚广播公司等全球知名的国际传媒集团。本书基于来自国际传媒集团的一手素材, 既有对不同时期的各传媒集团具体问题进行的专题研究, 也有对不同时期各传媒集团共性问题的综合研究和对比研究, 剖析了国际传媒集团的企业战略调整、业务结构调整、经营绩效变化、战略转型举措等一系列问题, 财务数据丰富, 经营案例翔实。
●
相关链接 在E读中查询图书 在五车中查询图书 在当当中查询图书 在豆瓣中查询图书


正题名:国际传媒集团经营发展与战略转型     索取号:G219.1/864         预约/预借

序号 登录号 条形码 馆藏地/架位号 状态 备注
1 1237308   212373082   第一样本阅览室/ [索取号:G219.1/864] 在馆    
2 1237309   212373091   教育系资料室/ [索取号:G219.1/864] 在馆    
3 1237310   212373108   教育系资料室/ [索取号:G219.1/864] 在馆    
4 1237311   212373117   第四借阅区/ [索取号:G219.1/864] 在馆    
5 1237312   212373126   第四借阅区/ [索取号:G219.1/864] 在馆    
6 1237313   212373135   第四借阅区/ [索取号:G219.1/864] 在馆    
唐山师范学院图书馆 欢迎您!
大连网信软件有限公司© 版权所有